Lídri, na ktorých sa nezabúda 5 vplyvov výrazných lídrov

Nezabudnuteľní lídri, ktorí podporujú, rozvíjajú a dokážu zorientovať každého člena v tíme. Vplyv rešpektu, vplyv rozvoja a rastu, vplyv inšpirácie, vplyv odvahy a vplyv líderský.

Gespeichert in:
Bibliographische Detailangaben
1. Verfasser: Cranova, Cheryl
Format: Buchkapitel
Sprache:Slowakisch
Schlagworte:
Tags: Tag hinzufügen
Keine Tags, Fügen Sie das erste Tag hinzu!

MARC

LEADER 00000naa a2200000 4500
001 0207454
005 20231116122327.6
041 0 |a slo 
044 |a SK 
245 1 0 |a Lídri, na ktorých sa nezabúda  |b 5 vplyvov výrazných lídrov  |c Cheryl Cranova 
520 |a Nezabudnuteľní lídri, ktorí podporujú, rozvíjajú a dokážu zorientovať každého člena v tíme. Vplyv rešpektu, vplyv rozvoja a rastu, vplyv inšpirácie, vplyv odvahy a vplyv líderský. 
610 2 0 |a manažéri 
610 2 0 |a lídri 
610 2 0 |a metódy riadenia 
610 2 0 |a procesy podnikové 
610 2 0 |a tímy pracovné 
610 2 0 |a riadenie podľa kompetencií 
610 2 0 |a zručnosti 
100 1 |a Cranova, Cheryl